[Event "Challenge"]
[Site "http://www.queenalice.com/game.php?id=1521943"]
[Date "2018.4.1"]
[Round "-"]
[White "MGSCUCIATO"]
[Black "smscuciato"]
[Result "1-0"]
[WhiteElo "1665"]
[BlackElo "1649"]

1. e4 e5 2. d3 Qf6 3. f3 Bc5 4. Nh3 Qh4+ 5. g3 Qf6 6. Bd2 h6 7. b4 Bd4 8. c3 Bb6
9. Bg2 Nc6 10. a4 a5 11. b5 Nce7 12. c4 c5 13. Bc3 d6 14. Nf2 h5 15. h4 Ng6 16.
f4 Nh6 17. Rf1 Be6 18. f5 Ng4 19. Nxg4 hxg4 20. fxe6 Qxe6 21. Na3 O-O 22. h5 Ne7
23. Qe2 f5 24. O-O-O Qh6+ 25. Bd2 Qxh5 26. Rh1 Qf7 27. Rh4 Ng6 28. Rh2 Rad8 29.
Rdh1 d5 30. exd5 Rfe8 31. Bc3 Bc7 32. d6 Bxd6 33. Bd5 Re6 34. Rh7 Nf8 35. Rh8#
1-0

[Event "Challenge"]
[Site "http://www.queenalice.com/game.php?id=1523476"]
[Date "2018.4.14"]
[Round "-"]
[White "MGSCUCIATO"]
[Black "smscuciato"]
[Result "0-1"]
[WhiteElo "1654"]
[BlackElo "1630"]

1. e4 e5 2. b3 Nc6 3. Bb2 d6 4. g3 Nf6 5. Qe2 a6 6. Bg2 Nb4 7. Qd1 Bg4 8. f3 Bd7
9. a3 Nc6 10. c4 Na5 11. d3 b5 12. Qd2 Nxb3 13. Qe3 Nxa1 14. Bxa1 bxc4 15. dxc4
c5 16. Ne2 Rb8 17. O-O Qb6 18. Nec3 Be6 19. Qd2 Bxc4 20. Rc1 g6 21. Qc2 Bh6 22.
f4 exf4 23. Na4 Qb5 24. Bxf6 O-O 25. Nac3 Qd7 26. Qd1 fxg3 27. Rc2 Bb3 28. Nd5
Rfe8 29. Nbc3 gxh2+ 30. Kh1 Bxc2 31. Qxc2 Qe6 32. Kxh2 Bf4+ 33. Kg1 Rb7 34. Qf2
Be5 35. Bxe5 dxe5 36. Nf6+ Kf8 37. Ncd5 Rb1+ 38. Kh2 Reb8 39. Qxc5+ Kg7 40. Bh3
R8b2+ 41. Kg3 Rb3+ 42. Ne3 Qxf6 43. Kg4 Qf4# 0-1

[Event "Challenge"]
[Site "http://www.queenalice.com/game.php?id=1525334"]
[Date "2018.4.28"]
[Round "-"]
[White "smscuciato"]
[Black "MGSCUCIATO"]
[Result "1-0"]
[WhiteElo "1650"]
[BlackElo "1628"]

1. e4 d6 2. d4 c6 3. Nc3 h5 4. a4 a5 5. Bc4 e6 6. d5 cxd5 7. exd5 e5 8. Ne4 f5
9. Bb5+ Bd7 10. Bg5 Qb6 11. Be3 Qc7 12. Bxd7+ Nxd7 13. Ng5 Be7 14. Ne6 Qc4 15.
Nxg7+ Kd8 16. Nxf5 Qe4 17. Ng3 Qg6 18. c4 h4 19. Qb1 Qg4 20. Qd1 Qxc4 21. Rc1
Qb4+ 22. Bd2 Qb6 23. Ne4 h3 24. g3 Qd4 25. Nc3 Bf6 26. Nge2 Qb6 27. b3 e4 28.
Nxe4 Ne7 29. Nxf6 Nxf6 30. Nf4 Ne4 31. Ne6+ Ke8 32. Nc7+ Kd7 33. Qg4+ Kd8 34.
Qxe4 Rc8 35. Ne6+ Kd7 36. Rxc8 Rxc8 37. O-O Qxb3 38. Qg4 Qxd5 39. Nf4+ Qf5 40.
Qxh3 Rc4 41. Qxf5+ Nxf5 42. Bxa5 Rxa4 43. Bc3 Rc4 44. Ne2 b5 45. Rb1 Kc6 46. f4
Ne3 47. Nd4+ Kd5 48. Nxb5 Nc2 49. Rd1+ Kc6 50. Nd4+ Kc5 51. Nb3+ Kc6 52. Na5+
Kc5 53. Nxc4 Kxc4 54. Bg7 d5 55. Rd2 Ne1 56. Rd4+ Kc5 57. Kf2 Nc2 58. Rd2 1-0

[Event "Challenge"]
[Site "http://www.queenalice.com/game.php?id=1528175"]
[Date "2018.5.22"]
[Round "-"]
[White "MGSCUCIATO"]
[Black "smscuciato"]
[Result "0-1"]
[WhiteElo "1632"]
[BlackElo "1666"]

1. e3 e5 2. c4 Nc6 3. a3 a6 4. g3 Nf6 5. Nc3 h5 6. h3 Bc5 7. b4 Be7 8. Bg2 e4 9.
Qc2 a5 10. b5 Ne5 11. Bf1 b6 12. f4 exf3 13. Rh2 Bb7 14. e4 d5 15. d3 Bc5 16.
Bf4 f2+ 17. Rxf2 Bxf2+ 18. Kxf2 Ng6 19. cxd5 O-O 20. Bg5 Re8 21. Bg2 Re5 22.
Bxf6 Qxf6+ 23. Bf3 Rg5 24. Re1 Ne5 25. Re3 h4 26. g4 Qf4 27. Nce2 Qh2+ 28. Ke1
Rg6 29. Qxc7 Nxf3+ 30. Rxf3 Qxc7 31. Nd4 Qc3+ 32. Ke2 Qxd4 33. Rf1 Qb2+ 34. Ke3
Qxa3 35. Rc1 Qxc1+ 0-1

[Event "Challenge"]
[Site "http://www.queenalice.com/game.php?id=1528720"]
[Date "2018.5.26"]
[Round "-"]
[White "MGSCUCIATO"]
[Black "smscuciato"]
[Result "1-0"]
[WhiteElo "1607"]
[BlackElo "1681"]

1. e3 e5 2. g3 Nf6 3. d3 d5 4. a4 Nc6 5. c3 Bc5 6. b4 Bd6 7. Na3 a6 8. h3 O-O 9.
Bb2 Bf5 10. g4 Be6 11. Bg2 Ne7 12. g5 Nd7 13. h4 Nf5 14. e4 dxe4 15. dxe4 Ne7
16. c4 Bxb4+ 17. Ke2 Bg4+ 18. f3 Bh5 19. Nc2 Bd6 20. Ne3 Bc5 21. Qd3 Ng6 22. Nh3
Nf4+ 23. Nxf4 exf4 24. Nf5 Bg6 25. Bh3 Ne5 26. Qc3 Re8 27. Rad1 Bd6 28. Rd5 Re6
29. c5 Bh5 30. Rg1 Bxf3+ 31. Kf2 Bxe4 32. Nxd6 Bxd5 33. Bxe6 Bxe6 34. Qxe5 f6
35. Qxe6+ 1-0

[Event "Challenge"]
[Site "http://www.queenalice.com/game.php?id=1529772"]
[Date "2018.6.4"]
[Round "-"]
[White "Consultti"]
[Black "smscuciato"]
[Result "1-0"]
[WhiteElo "1723"]
[BlackElo "1645"]

1. d4 d5 2. Nc3 Nf6 3. Nf3 Qd6 4. Qd3 a6 5. Bg5 Ng4 6. Bh4 Nc6 7. a3 g6 8. Bg3
Qd7 9. h3 Nf6 10. e4 dxe4 11. Nxe4 Nd5 12. Qc4 Qe6 13. Qd3 Bg7 14. O-O-O Bd7 15.
c4 f5 16. Nc5 Bh6+ 17. Kb1 Qf6 18. Nxd7 Kxd7 19. cxd5 Rhb8 20. dxc6+ bxc6 21.
Be5 Qf7 22. b4 Qd5 23. g3 Rb6 24. Ka1 a5 25. Rb1 axb4 26. Rb3 Rxa3+ 27. Rxa3
bxa3 28. Qxa3 Rb3 29. Qa7 Ke6 30. Qa2 Qb5 31. Bxb5 cxb5 32. Qxb3+ 1-0

[Event "Challenge"]
[Site "http://www.queenalice.com/game.php?id=1530009"]
[Date "2018.6.5"]
[Round "-"]
[White "WLAO"]
[Black "smscuciato"]
[Result "0-1"]
[WhiteElo "1714"]
[BlackElo "1632"]

1. b3 e5 2. Bb2 Nc6 3. e4 Nf6 4. d3 Bc5 5. Nf3 Ng4 6. d4 exd4 7. Qd3 Nb4 8. Qc4
d6 9. Bd3 a6 10. a3 Be6 11. axb4 Bxc4 12. O-O Bxd3 13. cxd3 Bb6 14. Nbd2 O-O 15.
Nc4 Ba7 16. Bxd4 Bxd4 17. Ra2 Bc3 18. Na5 Rb8 19. h3 Ne5 20. Nxe5 dxe5 21. Nc4
Qxd3 22. Ra5 Bxb4 23. Rxe5 Qxb3 24. Ne3 Rbd8 25. Nd5 Bd6 26. Rg5 f6 27. Rh5 Rde8
28. Ne3 Rxe4 29. Nf5 Bf4 30. Rh4 g6 31. Nh6+ Kh8 32. f3 Qb6+ 33. Kh1 Rc4 34. Ng4
Bg5 35. Rh6 Bxh6 36. Nxh6 Rh4 37. Ng4 f5 38. Ne5 Qb5 39. Nxg6+ hxg6 40. Rc1 Rc4
41. Re1 Re8 42. Rg1 Rh4 43. Kh2 Qe5+ 44. Kh1 Qe2 45. Kh2 Qf2 46. Rc1 c6 47. Rb1
f4 48. Rxb7 Qg3+ 49. Kg1 Re1# 0-1

[Event "Challenge"]
[Site "http://www.queenalice.com/game.php?id=1532430"]
[Date "2018.6.23"]
[Round "-"]
[White "smscuciato"]
[Black "Consultti"]
[Result "0-1"]
[WhiteElo "1666"]
[BlackElo "1759"]

1. e4 e5 2. Nf3 Nc6 3. c3 Nf6 4. Bd3 d5 5. exd5 Qxd5 6. c4 Qxd3 7. Qe2 Qf5 8.
O-O Qh5 9. d4 e4 10. Rd1 Bd6 11. g3 O-O 12. d5 exf3 13. Qe3 Ne5 14. Qg5 Qh3 15.
Qh4 Qg2# 0-1

[Event "Challenge"]
[Site "http://www.queenalice.com/game.php?id=1533094"]
[Date "2018.6.30"]
[Round "-"]
[White "Consultti"]
[Black "smscuciato"]
[Result "0-1"]
[WhiteElo "1771"]
[BlackElo "1682"]

1. e4 e5 2. Nf3 Nc6 3. g4 Nf6 4. g5 Nxe4 5. Qe2 Nxg5 6. Bg2 Bd6 7. Nc3 Nb4 8.
Nd4 c5 9. a3 cxd4 10. axb4 dxc3 11. dxc3 Qf6 12. Qg4 h6 13. Qh4 Nf3+ 14. Bxf3
Qxh4 15. Rg1 e4 16. Rg4 Qxh2 17. Rxe4+ Kd8 18. Kf1 Qh3+ 19. Bg2 Qf5 20. Ra5 b5
21. c4 a6 22. cxb5 Bc7 23. Rc4 Bg3 24. Be3 d5 25. Bb6+ Kd7 26. Rc7+ Bxc7 27.
Bxc7 Kxc7 28. c4 Qb1+ 29. Ke2 Qxb2+ 30. Kd3 Bf5+ 31. Ke3 Rhe8+ 32. Kf3 Be4+ 33.
Kg3 Qe5+ 34. f4 Qc3+ 35. Kh2 Bxg2 36. Kxg2 Re2+ 37. Kf1 Qe1# 0-1

[Event "Challenge"]
[Site "http://www.queenalice.com/game.php?id=1534857"]
[Date "2018.7.15"]
[Round "-"]
[White "smscuciato"]
[Black "Consultti"]
[Result "1-0"]
[WhiteElo "1702"]
[BlackElo "1762"]

1. e4 e5 2. Nf3 Nc6 3. c3 Nf6 4. Bd3 d5 5. Qa4 dxe4 6. Bxe4 Bd7 7. Bxc6 Bxc6 8.
Qc4 b5 9. Qxc6+ Nd7 10. Nxe5 Bd6 11. Nxd7 Ke7 12. Nc5 Bxc5 13. Qxc5+ Ke8 14. O-O
a6 15. Re1+ Kd7 16. Qd5+ Kc8 17. Qxa8+ Kd7 18. Qxd8+ Rxd8 19. d4 c6 20. a3 f5
21. Bg5 Rf8 22. Re7+ Kc8 23. Nd2 h6 24. Bf4 g5 25. Rc7+ Kd8 26. Bd6 Re8 27. Nb3
Re6 28. Rxc6 Re2 29. Nc5 a5 30. Nb7+ Kd7 31. Rc7+ Ke6 32. Re7+ 1-0

[Event "Challenge"]
[Site "http://www.queenalice.com/game.php?id=1537493"]
[Date "2018.8.3"]
[Round "-"]
[White "smscuciato"]
[Black "Consultti"]
[Result "0-1"]
[WhiteElo "1720"]
[BlackElo "1744"]

1. e4 e5 2. Nf3 Nc6 3. Nc3 Bc5 4. Bc4 Nd4 5. Nxe5 Qf6 6. Bxf7+ Kf8 7. Bxg8 Nxc2+
8. Qxc2 Qxf2+ 9. Kd1 d6 10. Nd3 Bg4+ 11. Ne2 Qxe2# 0-1

[Event "Challenge"]
[Site "http://www.queenalice.com/game.php?id=1544407"]
[Date "2018.10.1"]
[Round "-"]
[White "WLAO"]
[Black "smscuciato"]
[Result "0-1"]
[WhiteElo "1651"]
[BlackElo "1716"]

1. b3 e5 2. Bb2 Nc6 3. d4 exd4 4. Qd3 Bc5 5. Qe4+ Nge7 6. Qg4 O-O 7. Nf3 d6 8.
Qg5 f6 9. Qh5 Bf5 10. Nh4 Bb4+ 11. Nd2 Bxc2 12. Rc1 Bxb3 13. axb3 Na5 14. Nf3
Nxb3 15. Rd1 Nc6 16. g3 Qe7 17. Bg2 d3 18. e3 Nxd2 19. Nxd2 Na5 20. O-O Bxd2 21.
Rxd2 c6 22. Be4 Qxe4 23. Qxa5 b6 24. Qa3 c5 25. Rxd3 Rfd8 26. Qb3+ d5 27. Qa3 a5
28. Rfd1 Qf3 29. Bc1 h5 30. e4 Qxe4 31. Re3 Qc2 32. Rd2 Qf5 33. Rf3 Qe4 34. h4
Qc4 35. Rc3 Qe4 36. Re3 Qf5 37. Rde2 d4 38. Qb3+ Kh8 39. Re7 Qg6 40. Qe6 d3 41.
Re3 d2 42. Bxd2 Rxd2 43. Qxb6 Rd1+ 44. Kg2 Rd3 45. Qb7 Rad8 46. Rf7 Rxe3 47.
fxe3 Rd2+ 48. Kh3 Qg4# 0-1

[Event "Challenge"]
[Site "http://www.queenalice.com/game.php?id=1549779"]
[Date "2018.11.19"]
[Round "-"]
[White "smscuciato"]
[Black "WLAO"]
[Result "1/2-1/2"]
[WhiteElo "1729"]
[BlackElo "1672"]

1. d4 d5 2. Nf3 Bg4 3. Ne5 Be6 4. e3 Nd7 5. Bb5 c6 6. Bd3 g6 7. O-O Bg7 8. Nxd7
Qxd7 9. b3 Bg4 10. f3 Bh3 11. gxh3 Qxh3 12. Rf2 Nf6 13. Nc3 Nh5 14. Bf1 Qh4 15.
f4 O-O 16. Ba3 e6 17. Bxf8 Bxf8 18. Be2 Bb4 19. Na4 b5 20. Nb2 Ng3 21. Bf3 Nf5
22. Qd3 Be1 23. Rxe1 Qh3 24. Bg2 Qg4 25. h3 Qg3 26. Nd1 Nh4 27. Ree2 Nxg2 28.
Rxg2 Qxh3 29. Nf2 Qf3 30. Rg4 h5 31. Rg2 h4 32. Rh2 Qg3+ 33. Rg2 Qf3 34. Rh2
Qg3+ 35. Kh1 Kg7 36. Nh3 Qf3+ 37. Reg2 Rh8 38. Ng1 Qh5 39. Rh3 Qh7 40. Nf3 Qg8
41. Ne5 Qd8 42. Nxc6 Qc7 43. Qxb5 Qd6 44. Ne5 Rb8 45. Qd3 Qa3 46. Rxh4 Qc1+ 47.
Kh2 Qe1 48. Rh3 Rh8 49. Rxh8 Kxh8 50. Nxf7+ Kg7 51. Qxg6+ Kf8 52. Qxe6 Qh4+ 53.
Qh3 Qxh3+ 54. Kxh3 Kxf7 55. Rg5 Ke6 56. c4 dxc4 57. bxc4 a6 58. Ra5 Kf6 59.
Rxa6+ Kf5 60. d5 Ke4 61. d6 Kxe3 62. f5 Kd4 63. d7 Kxc4 64. d8=Q Kc3 65. f6 Kb2
66. Qc8 Ka1 67. Qc2 1/2-1/2

[Event "Challenge"]
[Site "http://www.queenalice.com/game.php?id=1553175"]
[Date "2018.12.17"]
[Round "-"]
[White "smscuciato"]
[Black "Consultti"]
[Result "1-0"]
[WhiteElo "1727"]
[BlackElo "1685"]

1. e4 e5 2. Nf3 Nc6 3. d3 Nf6 4. h3 d5 5. exd5 Nb4 6. c4 Bf5 7. Nxe5 Qe7 8. Bf4
h6 9. g4 Bd7 10. Nc3 Nh7 11. Be2 Qh4 12. Nf3 Qd8 13. Qd2 Qf6 14. Bxc7 Bc5 15. d4
Bb6 16. Be5 Qg6 17. Nh4 Nc2+ 18. Kf1 Qg5 19. Qxc2 Qxh4 20. Bxg7 Rg8 21. Qxh7 Ke7
22. d6+ Kxd6 23. Ne4+ Kc7 24. Be5+ Kc8 25. Qxg8+ Qd8 26. Nd6+ Kc7 27. Nxf7+ Kc6
28. Nxd8+ Rxd8 29. Qd5# 1-0

[Event "Challenge"]
[Site "http://www.queenalice.com/game.php?id=1557256"]
[Date "2019.1.18"]
[Round "-"]
[White "smscuciato"]
[Black "noodle"]
[Result "0-1"]
[WhiteElo "1763"]
[BlackElo "1761"]

1. e4 e5 2. Nf3 c5 3. Nxe5 d5 4. Qf3 Nf6 5. exd5 Qxd5 6. Bb5+ Bd7 7. Bc4 Qxe5+
8. Be2 Bg4 9. Qe3 Bd6 10. f4 Qxe3 11. dxe3 O-O 12. Bd3 Nc6 13. Nc3 g6 14. Nb5
Rad8 15. O-O a6 16. Nxd6 Rxd6 17. b3 b5 0-1

[Event "Challenge"]
[Site "http://www.queenalice.com/game.php?id=1558890"]
[Date "2019.1.30"]
[Round "-"]
[White "Magogue"]
[Black "smscuciato"]
[Result "1-0"]
[WhiteElo "1385"]
[BlackElo "1747"]

1. e4 e5 2. Nf3 Nc6 3. Bb5 Na5 4. Nc3 c6 5. Be2 Qb6 6. Nxe5 Bc5 7. O-O Nf6 8. a3
Qc7 9. Nxf7 Kxf7 10. b4 Bd6 11. bxa5 Bxh2+ 12. Kh1 Be5 13. d4 Qxa5 14. Bb2 Bc7
15. e5 Nd5 16. Bc4 Rf8 17. Nxd5 cxd5 18. Bb3 b5 19. Bxd5+ Ke7 20. Bxa8 d5 21.
Bxd5 Be6 22. Bxe6 Kxe6 23. d5+ Kf7 24. d6 1-0

[Event "Challenge"]
[Site "http://www.queenalice.com/game.php?id=1558891"]
[Date "2019.1.30"]
[Round "-"]
[White "smscuciato"]
[Black "Magogue"]
[Result "1-0"]
[WhiteElo "1748"]
[BlackElo "1712"]

1. e4 e5 2. Nf3 Nc6 3. Bc4 Bc5 4. O-O Nf6 5. Ng5 O-O 6. c3 h6 7. b4 Bb6 8. b5
Na5 9. Bxf7+ Rxf7 10. Nxf7 Kxf7 11. Re1 d6 12. d3 Ng4 13. Qf3+ Qf6 14. Be3 Qxf3
15. gxf3 Nxe3 16. fxe3 c6 17. bxc6 bxc6 18. Nd2 Ba6 19. d4 exd4 20. cxd4 g5 21.
h3 Nc4 22. Nxc4 Bxc4 23. Rec1 Bxd4 24. exd4 1-0

[Event "Challenge"]
[Site "http://www.queenalice.com/game.php?id=1559750"]
[Date "2019.2.4"]
[Round "-"]
[White "WLAO"]
[Black "smscuciato"]
[Result "0-1"]
[WhiteElo "1519"]
[BlackElo "1741"]

1. e4 e5 2. Nf3 Nc6 3. c3 Nf6 4. g3 Nxe4 5. Bg2 Bc5 6. O-O d6 7. d4 exd4 8. cxd4
Bb6 9. Be3 O-O 10. a3 Bg4 11. Ra2 Qf6 12. Nbd2 Rae8 13. a4 Nxd2 14. Qxd2 Bxf3
15. Bxf3 Qxf3 16. b3 Ba5 17. Qe2 Qe4 18. Rc2 Nb4 19. Rc4 Nd5 20. Rcc1 Nxe3 21.
fxe3 Qxe3+ 22. Qxe3 Rxe3 23. Kg2 Rxb3 24. h4 h5 25. Rf5 Bc3 26. d5 g6 27. Rf2 c5
28. Kh3 Be5 29. a5 Rxg3+ 30. Kh2 Rg4+ 31. Kh1 b6 32. axb6 axb6 33. Rg2 Rxh4+ 34.
Kg1 Bd4+ 35. Kf1 Re8 36. Re1 Rf4+ 37. Rf2 Rxf2+ 0-1